The United States after war ; the Cornell university summer session lectures /

Bibliographic Details
Corporate Author: Cornell University
Other Authors: Hansen, Alvin H. (Alvin Harvey), 1887-1975
Format: Book
Language:English
Published: Ithaca, N. Y. : Cornell university press, 1945.
Subjects:

MARC

Tag First Indicator Second Indicator Subfields
LEADER 00000cam a2200000 4500
001 in00000068005
005 20151008051326.0
008 741023s1945 nyu 00000 eng u
010 |a  46000284  
035 |a (OCoLC)01050687 
035 |9 AAG7199AM 
040 |c YNG  |d TXA  |d UtOrBLW 
049 |a TXAM  |c [131442] 
050 0 |a HC106.5  |b .U5 
092 |a 338.91  |b U5 
245 0 4 |a The United States after war ;  |b the Cornell university summer session lectures /  |c with an introduction by C. W. De Kiewiet [by] Alvin H. Hansen [and others]. 
264 1 |a Ithaca, N. Y. :  |b Cornell university press,  |c 1945. 
300 |a 180 pages :  |b diagram ;  |c 23 cm. 
336 |a text  |b txt  |2 rdacontent 
337 |a unmediated  |b n  |2 rdamedia 
338 |a volume  |b nc  |2 rdacarrier 
505 0 |a Social planning for tomorrow, by A. H. Hansen.-- Agriculture in the postwar economy, by F. F. Hill.-- The role of organized labor in the United States economy, by Louis Hollander.-- American business after the war, by W. D. Fuller.-- Power politics and international organization, by H. W. Briggs.-- Education American citizens, by G. D. Stoddard. 
650 0 |a International organization. 
650 0 |a Education  |z United States. 
651 0 |a United States  |x Economic conditions  |y 1918-1945. 
700 1 |a Hansen, Alvin H.  |q (Alvin Harvey),  |d 1887-1975. 
710 2 |a Cornell University. 
999 |a MARS 
999 f f |s c150917e-5818-3bab-bdaa-8a11515de92f  |i 8f8f6b96-4929-370d-b385-7ec98da5b858  |t 0 
952 f f |p ric  |a Texas A&M University  |b Rellis Campus  |c Joint Library Facility  |d Remote Storage  |t 0  |e HC106.5 .U5  |h Library of Congress classification  |i unmediated -- volume  |m A14800773503 
998 f f |a HC106.5 .U5  |t 0  |l Remote Storage